[Event "Turniej Blitza na II Lidze Juniorów 2018"]
[Site "Szczyrk, Poland"]
[Date "2018.07.26"]
[Round "2.14"]
[White "Kukula, Karol"]
[Black "Ulrych, Wojciech"]
[Result "1/2-1/2"]
[TimeControl "3'+2\""]
[WhiteElo "1478"]
[BlackElo "1901"]

1. e4 {[%clk 00:03:02]} {[%emt 00:00:02]} d6 {[%clk 00:03:02]} {[%emt
00:00:02]} 2. Nf3 {[%clk 00:03:03]} {[%emt 00:00:01]} Nf6 {[%clk 00:03:02]}
{[%emt 00:00:02]} 3. Nc3 {[%clk 00:03:04]} {[%emt 00:00:01]} g6 {[%clk
00:03:03]} {[%emt 00:00:02]} 4. d4 {[%clk 00:03:05]} {[%emt 00:00:01]} Bg7
{[%clk 00:03:04]} {[%emt 00:00:01]} 5. g3 {[%clk 00:03:05]} {[%emt 00:00:02]}
c6 {[%clk 00:03:04]} {[%emt 00:00:01]} 6. Bg2 {[%clk 00:03:06]} b5 {[%clk
00:03:05]} 7. a3 {[%clk 00:03:07]} O-O {[%clk 00:03:05]} {[%emt 00:00:02]} 8.
O-O {[%clk 00:03:07]} {[%emt 00:00:01]} Nbd7 {[%clk 00:03:06]} {[%emt
00:00:02]} 9. Bg5 {[%clk 00:03:06]} {[%emt 00:00:03]} Nb6 {[%clk 00:03:05]}
{[%emt 00:00:03]} 10. b3 {[%clk 00:02:58]} {[%emt 00:00:11]} a6 {[%clk
00:02:58]} {[%emt 00:00:09]} 11. Qd2 {[%clk 00:02:58]} {[%emt 00:00:01]} Re8
{[%clk 00:02:57]} {[%emt 00:00:03]} 12. Rad1 {[%clk 00:02:59]} {[%emt
00:00:01]} Bg4 {[%clk 00:02:56]} {[%emt 00:00:04]} 13. h3 {[%clk 00:02:38]}
{[%emt 00:00:23]} Bxf3 {[%clk 00:02:51]} {[%emt 00:00:07]} 14. Bxf3 {[%clk
00:02:38]} Qd7 {[%clk 00:02:51]} {[%emt 00:00:02]} 15. Bg2 {[%clk 00:02:39]}
{[%emt 00:00:01]} a5 {[%clk 00:02:49]} {[%emt 00:00:04]} 16. e5 {[%clk
00:02:32]} {[%emt 00:00:09]} dxe5 {[%clk 00:02:43]} {[%emt 00:00:08]} 17. dxe5
{[%clk 00:02:33]} {[%emt 00:00:01]} Nfd5 {[%clk 00:02:43]} {[%emt 00:00:02]} 18.
Nxd5 {[%clk 00:02:33]} {[%emt 00:00:03]} cxd5 {[%clk 00:02:37]} {[%emt
00:00:07]} 19. Bxd5 {[%clk 00:02:32]} {[%emt 00:00:03]} Rad8 {[%clk 00:02:26]}
{[%emt 00:00:14]} 20. c4 {[%clk 00:02:33]} {[%emt 00:00:01]} Qxh3 {[%clk
00:02:17]} {[%emt 00:00:11]} 21. Qf4 {[%clk 00:02:22]} {[%emt 00:00:13]} Nxd5
{[%clk 00:02:04]} {[%emt 00:00:15]} 22. cxd5 {[%clk 00:02:22]} {[%emt
00:00:02]} h6 {[%clk 00:01:49]} {[%emt 00:00:16]} 23. Bh4 {[%clk 00:01:40]}
{[%emt 00:00:45]} g5 {[%clk 00:01:48]} {[%emt 00:00:02]} 24. Bxg5 {[%clk
00:01:41]} {[%emt 00:00:01]} hxg5 {[%clk 00:01:49]} {[%emt 00:00:02]} 25. Qxg5
{[%clk 00:01:42]} {[%emt 00:00:01]} Rc8 {[%clk 00:01:19]} {[%emt 00:00:31]} 26.
d6 {[%clk 00:01:33]} {[%emt 00:00:11]} exd6 {[%clk 00:01:07]} {[%emt 00:00:14]}
27. exd6 {[%emt 00:00:02]} Red8 {[%clk 00:00:56]} {[%emt 00:00:12]} 28. Qxb5
{[%clk 00:01:23]} {[%emt 00:00:14]} Rc3 {[%clk 00:00:47]} {[%emt 00:00:11]} 29.
Qg5 {[%clk 00:01:13]} {[%emt 00:00:11]} Rd7 {[%clk 00:00:42]} {[%emt 00:00:07]}
30. Rfe1 {[%clk 00:01:06]} {[%emt 00:00:10]} Kf8 {[%clk 00:00:21]} {[%emt
00:00:23]} 31. Re7 {[%clk 00:00:52]} {[%emt 00:00:16]} Rxb3 {[%clk 00:00:05]}
{[%emt 00:00:18]} 32. Rxd7 {[%clk 00:00:52]} {[%emt 00:00:02]} Qxd7 {[%clk
00:00:05]} {[%emt 00:00:01]} 33. Qxa5 {[%clk 00:00:47]} {[%emt 00:00:07]} Rb8
{[%clk 00:00:05]} {[%emt 00:00:03]} 34. Qc7 {[%clk 00:00:46]} {[%emt 00:00:03]}
Rd8 {[%emt 00:00:17]} 1/2-1/2

[Event "Turniej Blitza na II Lidze Juniorów 2018"]
[Site "Szczyrk, Poland"]
[Date "2018.07.26"]
[Round "2.3"]
[White "Szadkowski, Kamil"]
[Black "Twardowski, Hubert"]
[Result "1-0"]
[TimeControl "3'+2\""]
[WhiteTitle "FM"]
[WhiteElo "2209"]
[BlackElo "1542"]

1. c4 {[%clk 00:03:03]} {[%emt 00:00:01]} Nf6 {[%clk 00:03:02]} {[%emt
00:00:02]} 2. g3 {[%clk 00:03:04]} {[%emt 00:00:01]} e5 {[%clk 00:03:02]}
{[%emt 00:00:03]} 3. Bg2 {[%clk 00:03:05]} {[%emt 00:00:01]} c6 {[%clk
00:03:03]} 4. d4 {[%clk 00:03:05]} {[%emt 00:00:02]} exd4 {[%clk 00:02:45]}
{[%emt 00:00:21]} 5. Qxd4 {[%clk 00:03:05]} {[%emt 00:00:01]} d5 {[%clk
00:02:30]} {[%emt 00:00:16]} 6. Nf3 {[%clk 00:03:05]} {[%emt 00:00:02]} Bf5
{[%clk 00:02:27]} {[%emt 00:00:06]} 7. O-O {[%clk 00:02:58]} {[%emt 00:00:09]}
Be7 {[%clk 00:02:16]} {[%emt 00:00:13]} 8. Nc3 {[%clk 00:02:56]} {[%emt
00:00:04]} O-O {[%clk 00:02:09]} {[%emt 00:00:10]} 9. cxd5 {[%clk 00:02:56]}
cxd5 {[%clk 00:02:09]} {[%emt 00:00:02]} 10. Rd1 {[%clk 00:02:42]} {[%emt
00:00:16]} Nc6 {[%clk 00:02:09]} {[%emt 00:00:03]} 11. Qf4 {[%clk 00:02:42]}
{[%emt 00:00:01]} Bc2 {[%clk 00:02:01]} {[%emt 00:00:10]} 12. Re1 {[%clk
00:02:25]} {[%emt 00:00:19]} Bd6 {[%clk 00:01:51]} {[%emt 00:00:12]} 13. Qd2
{[%clk 00:02:26]} Bg6 {[%clk 00:01:46]} {[%emt 00:00:07]} 14. Nd4 {[%clk
00:02:15]} {[%emt 00:00:13]} Ne4 {[%clk 00:01:41]} {[%emt 00:00:07]} 15. Nxe4
{[%clk 00:02:15]} {[%emt 00:00:02]} dxe4 {[%clk 00:01:36]} {[%emt 00:00:07]} 16.
Nxc6 {[%clk 00:02:14]} {[%emt 00:00:03]} bxc6 {[%clk 00:01:37]} {[%emt
00:00:01]} 17. Qc3 {[%clk 00:02:12]} {[%emt 00:00:03]} Rc8 {[%clk 00:01:18]}
{[%emt 00:00:21]} 18. Be3 {[%clk 00:02:09]} {[%emt 00:00:05]} Qe7 {[%clk
00:01:15]} {[%emt 00:00:06]} 19. Red1 {[%clk 00:02:06]} {[%emt 00:00:05]} Be5
{[%clk 00:01:11]} {[%emt 00:00:05]} 20. Qc2 {[%clk 00:01:59]} {[%emt 00:00:09]}
f5 {[%clk 00:01:09]} {[%emt 00:00:05]} 21. Bc5 {[%clk 00:01:56]} {[%emt
00:00:05]} Qb7 {[%clk 00:01:07]} {[%emt 00:00:04]} 22. Bxf8 {[%clk 00:01:55]}
{[%emt 00:00:02]} Rxf8 {[%clk 00:01:08]} {[%emt 00:00:02]} 23. Rac1 {[%clk
00:01:50]} {[%emt 00:00:07]} Qxb2 {[%clk 00:00:28]} {[%emt 00:00:42]} 24. Qxb2
{[%clk 00:01:48]} {[%emt 00:00:03]} Bxb2 {[%clk 00:00:29]} {[%emt 00:00:02]} 25.
Rxc6 {[%clk 00:01:49]} {[%emt 00:00:01]} Bf6 {[%clk 00:00:11]} {[%emt
00:00:20]} 26. Rc7 {[%clk 00:01:44]} {[%emt 00:00:07]} a5 {[%clk 00:00:11]}
{[%emt 00:00:03]} 27. Ra7 {[%clk 00:01:43]} {[%emt 00:00:03]} Bc3 {[%clk
00:00:11]} {[%emt 00:00:01]} 28. h4 {[%clk 00:01:38]} {[%emt 00:00:08]} Bf7
{[%clk 00:00:07]} {[%emt 00:00:05]} 29. Rc1 {[%clk 00:01:27]} {[%emt 00:00:12]}
Bb4 {[%clk 00:00:06]} {[%emt 00:00:03]} 30. Rcc7 {[%clk 00:01:27]} {[%emt
00:00:03]} g6 {[%clk 00:00:05]} {[%emt 00:00:03]} 31. h5 {[%clk 00:01:24]}
{[%emt 00:00:05]} Bd6 {[%clk 00:00:06]} {[%emt 00:00:02]} 32. Rd7 {[%clk
00:01:22]} {[%emt 00:00:04]} Bb4 {[%clk 00:00:06]} 33. hxg6 {[%clk 00:01:22]}
{[%emt 00:00:02]} hxg6 {[%clk 00:00:07]} {[%emt 00:00:02]} 34. e3 {[%clk
00:01:22]} Kg7 {[%clk 00:00:07]} {[%emt 00:00:02]} 35. Bf1 {[%clk 00:01:22]}
{[%emt 00:00:02]} Kf6 {[%clk 00:00:07]} {[%emt 00:00:02]} 36. Kg2 {[%clk
00:01:15]} {[%emt 00:00:09]} Be6 {[%clk 00:00:08]} {[%emt 00:00:01]} 37. Ra6
{[%clk 00:01:15]} {[%emt 00:00:02]} Re8 {[%clk 00:00:08]} {[%emt 00:00:02]} 38.
Bc4 {[%clk 00:01:15]} {[%emt 00:00:02]} Ke5 {[%clk 00:00:07]} {[%emt 00:00:03]}
39. Bxe6 {[%clk 00:01:13]} {[%emt 00:00:04]} Rxe6 {[%clk 00:00:08]} {[%emt
00:00:01]} 40. Rxe6+ {[%clk 00:01:14]} Kxe6 {[%clk 00:00:10]} {[%emt 00:00:01]}
41. Rd1 {[%clk 00:01:12]} {[%emt 00:00:03]} Ke5 {[%clk 00:00:10]} {[%emt
00:00:02]} 42. Kf1 {[%clk 00:01:12]} {[%emt 00:00:02]} Ke6 {[%clk 00:00:09]}
{[%emt 00:00:02]} 43. Ke2 {[%clk 00:01:14]} Kf6 {[%clk 00:00:08]} {[%emt
00:00:04]} 44. a4 {[%clk 00:01:15]} Kg5 {[%clk 00:00:08]} {[%emt 00:00:01]} 45.
Rd7 {[%clk 00:01:15]} Kf6 {[%clk 00:00:07]} {[%emt 00:00:05]} 46. Kd1 {[%clk
00:01:16]} Ke6 {[%clk 00:00:08]} {[%emt 00:00:01]} 47. Ra7 {[%clk 00:01:10]}
{[%emt 00:00:07]} Kf6 {[%clk 00:00:08]} {[%emt 00:00:02]} 48. Rb7 {[%clk
00:01:10]} {[%emt 00:00:03]} Bc3 {[%clk 00:00:05]} {[%emt 00:00:05]} 49. Rb5
{[%clk 00:01:05]} {[%emt 00:00:07]} Kg5 {[%clk 00:00:04]} {[%emt 00:00:03]} 50.
Ke2 {[%clk 00:01:06]} Kf6 {[%clk 00:00:05]} {[%emt 00:00:01]} 51. f3 {[%clk
00:01:07]} exf3+ {[%clk 00:00:06]} {[%emt 00:00:01]} 52. Kxf3 {[%clk 00:01:08]}
Ke6 {[%clk 00:00:07]} {[%emt 00:00:01]} 53. g4 {[%clk 00:01:09]} {[%emt
00:00:02]} fxg4+ {[%clk 00:00:08]} 54. Kxg4 {[%clk 00:01:10]} Kf6 {[%clk
00:00:10]} {[%emt 00:00:01]} 55. e4 {[%clk 00:01:11]} Kf7 {[%clk 00:00:09]}
{[%emt 00:00:03]} 56. Rd5 {[%clk 00:01:10]} {[%emt 00:00:03]} Kf6 {[%clk
00:00:10]} {[%emt 00:00:02]} 57. Kf4 {[%clk 00:01:11]} {[%emt 00:00:01]} Bb4
{[%clk 00:00:10]} {[%emt 00:00:01]} 58. e5+ {[%clk 00:01:10]} {[%emt 00:00:03]}
Ke6 {[%clk 00:00:11]} {[%emt 00:00:01]} 59. Rb5 {[%clk 00:01:11]} Bd2+ {[%clk
00:00:12]} {[%emt 00:00:02]} 60. Ke4 {[%clk 00:01:12]} {[%emt 00:00:01]} g5
{[%clk 00:00:09]} {[%emt 00:00:05]} 61. Rb6+ {[%clk 00:01:13]} {[%emt
00:00:01]} Kf7 {[%clk 00:00:10]} 62. Kf5 {[%clk 00:01:14]} {[%emt 00:00:01]}
Bc3 {[%clk 00:00:06]} {[%emt 00:00:06]} 63. Rb7+ {[%clk 00:01:15]} {[%emt
00:00:02]} Kf8 {[%clk 00:00:06]} {[%emt 00:00:01]} 64. e6 {[%clk 00:01:14]}
{[%emt 00:00:03]} Bd2 {[%clk 00:00:04]} {[%emt 00:00:04]} 65. Kf6 {[%clk
00:01:15]} {[%emt 00:00:01]} Bc3+ {[%clk 00:00:05]} 66. Kxg5 {[%clk 00:01:16]}
{[%emt 00:00:01]} 1-0

[Event "Turniej Blitza na II Lidze Juniorów 2018"]
[Site "Szczyrk, Poland"]
[Date "2018.07.26"]
[Round "2.67"]
[White "Wesolowski, Jeremi"]
[Black "Musial, Kamila"]
[Result "1-0"]
[TimeControl "3'+2\""]
[WhiteElo "1267"]
[BlackElo "1045"]

1. e4 {[%clk 00:03:01]} {[%emt 00:00:03]} e5 {[%clk 00:03:02]} {[%emt
00:00:03]} 2. Nf3 {[%clk 00:03:02]} {[%emt 00:00:01]} Nc6 {[%clk 00:03:01]}
{[%emt 00:00:03]} 3. Bc4 {[%clk 00:03:03]} Nf6 {[%clk 00:02:57]} {[%emt
00:00:06]} 4. Ng5 {[%clk 00:03:04]} d5 {[%clk 00:02:57]} {[%emt 00:00:01]} 5.
exd5 {[%clk 00:03:05]} {[%emt 00:00:01]} Na5 {[%clk 00:02:58]} {[%emt
00:00:02]} 6. Bb5+ {[%clk 00:03:04]} {[%emt 00:00:03]} c6 {[%clk 00:02:51]}
{[%emt 00:00:08]} 7. dxc6 {[%clk 00:03:06]} {[%emt 00:00:02]} bxc6 {[%clk
00:02:51]} 8. Ba4 {[%clk 00:03:07]} {[%emt 00:00:01]} Ba6 {[%clk 00:02:42]}
{[%emt 00:00:11]} 9. b4 {[%clk 00:03:04]} {[%emt 00:00:04]} Nc4 {[%clk
00:02:37]} {[%emt 00:00:07]} 10. Bxc6+ {[%clk 00:03:03]} {[%emt 00:00:03]} Ke7
{[%clk 04:04:05]} {[%emt 00:00:11]} 11. Bxa8 {[%clk 00:03:05]} {[%emt
00:00:01]} Nd6 {[%clk 00:02:18]} {[%emt 00:00:11]} 12. Bf3 {[%clk 00:03:00]}
{[%emt 00:00:06]} h6 {[%clk 00:02:13]} {[%emt 00:00:08]} 13. Nh3 {[%clk
00:02:59]} {[%emt 00:00:02]} e4 {[%clk 00:02:11]} {[%emt 00:00:05]} 14. Be2
{[%clk 00:02:57]} {[%emt 00:00:05]} Bxe2 {[%clk 00:02:06]} {[%emt 00:00:07]} 15.
Qxe2 {[%clk 00:02:57]} Ke8 {[%clk 00:02:01]} {[%emt 00:00:07]} 16. d3 {[%clk
00:02:57]} {[%emt 00:00:02]} e3 {[%clk 00:01:49]} {[%emt 00:00:15]} 17. Qxe3+
{[%clk 00:02:56]} {[%emt 00:00:03]} Be7 {[%clk 00:01:45]} {[%emt 00:00:04]} 1-0

[Event "Turniej Blitza na II Lidze Juniorów 2018"]
[Site "Szczyrk, Poland"]
[Date "2018.07.26"]
[Round "2.28"]
[White "Trybowska, Barbara"]
[Black "Wasik, Roman"]
[Result "1-0"]
[TimeControl "3'+2\""]
[WhiteElo "1705"]
[BlackElo "1369"]

1. d4 {[%clk 00:03:02]} {[%emt 00:00:01]} d6 {[%clk 00:03:02]} {[%emt
00:00:02]} 2. Nf3 {[%clk 00:03:03]} g6 {[%clk 00:03:03]} {[%emt 00:00:01]} 3.
c4 {[%clk 00:03:03]} {[%emt 00:00:02]} Bg7 {[%clk 00:03:04]} {[%emt 00:00:01]}
4. Nc3 {[%clk 00:03:04]} Nf6 {[%clk 00:03:05]} {[%emt 00:00:01]} 5. e4 {[%clk
00:03:05]} O-O {[%clk 00:03:03]} {[%emt 00:00:04]} 6. Be2 {[%clk 00:03:06]} e5
{[%clk 00:03:00]} {[%emt 00:00:05]} 7. d5 {[%clk 00:03:07]} Nbd7 {[%clk
00:02:55]} {[%emt 00:00:07]} 8. Be3 {[%clk 00:03:06]} {[%emt 00:00:03]} c6
{[%clk 00:02:51]} {[%emt 00:00:06]} 9. Qd2 {[%clk 00:03:05]} {[%emt 00:00:04]}
cxd5 {[%clk 00:02:49]} {[%emt 00:00:03]} 10. cxd5 {[%clk 00:03:05]} {[%emt
00:00:02]} b6 {[%clk 00:02:47]} {[%emt 00:00:04]} 11. O-O {[%clk 00:03:05]}
{[%emt 00:00:02]} Bb7 {[%clk 00:02:48]} 12. Bd3 {[%clk 00:03:03]} {[%emt
00:00:05]} Rc8 {[%clk 00:02:48]} {[%emt 00:00:02]} 13. Rac1 {[%clk 00:03:04]}
{[%emt 00:00:02]} Nc5 {[%clk 00:02:40]} {[%emt 00:00:10]} 14. b4 {[%clk
00:02:56]} {[%emt 00:00:09]} Nxd3 {[%clk 00:02:38]} {[%emt 00:00:03]} 15. Qxd3
{[%clk 00:02:57]} {[%emt 00:00:01]} Ng4 {[%clk 00:02:31]} {[%emt 00:00:10]} 16.
Bd2 {[%clk 00:02:47]} {[%emt 00:00:12]} f5 {[%clk 00:02:24]} {[%emt 00:00:09]}
17. h3 {[%clk 00:02:48]} fxe4 {[%clk 00:02:14]} {[%emt 00:00:12]} 18. Nxe4
{[%clk 00:02:34]} {[%emt 00:00:15]} Nf6 {[%clk 00:02:13]} {[%emt 00:00:04]} 19.
Rxc8 {[%clk 00:02:33]} {[%emt 00:00:03]} Qxc8 {[%clk 00:02:11]} {[%emt
00:00:04]} 20. Nxd6 {[%clk 00:02:31]} {[%emt 00:00:05]} Qd7 {[%clk 00:02:02]}
{[%emt 00:00:10]} 21. Nxb7 {[%clk 00:02:29]} Qxb7 {[%clk 00:02:03]} 22. Nxe5
{[%clk 00:02:24]} {[%emt 00:00:07]} Nxd5 {[%clk 00:01:57]} {[%emt 00:00:08]} 23.
Nf3 {[%clk 00:02:23]} {[%emt 00:00:03]} Nf4 {[%clk 00:01:43]} {[%emt 00:00:16]}
24. Bxf4 {[%clk 00:02:22]} {[%emt 00:00:03]} Rxf4 {[%clk 00:01:44]} {[%emt
00:00:02]} 25. a3 {[%clk 00:02:21]} {[%emt 00:00:02]} Qf7 {[%clk 00:01:28]}
{[%emt 00:00:17]} 26. Re1 {[%clk 00:02:19]} {[%emt 00:00:05]} Bf8 {[%clk
00:01:00]} {[%emt 00:00:30]} 27. Ng5 {[%clk 00:01:58]} {[%emt 00:00:23]} Qa2
{[%clk 00:00:49]} {[%emt 00:00:12]} 28. Qe3 {[%clk 00:01:54]} {[%emt 00:00:06]}
Rf5 {[%clk 00:00:40]} {[%emt 00:00:12]} 29. Ne6 {[%clk 00:01:48]} {[%emt
00:00:08]} Bd6 {[%clk 00:00:23]} {[%emt 00:00:18]} 30. Nd4 {[%clk 00:01:44]}
{[%emt 00:00:08]} Re5 {[%clk 00:00:18]} {[%emt 00:00:06]} 31. Qc1 {[%clk
00:01:34]} {[%emt 00:00:12]} Rxe1+ {[%clk 00:00:03]} {[%emt 00:00:17]} 32. Qxe1
{[%clk 00:01:35]} {[%emt 00:00:01]} Qf7 {[%emt 00:00:03]} 1-0

[Event "Turniej Blitza na II Lidze Juniorów 2018"]
[Site "Szczyrk, Poland"]
[Date "2018.07.26"]
[Round "2.39"]
[White "Gredka, Dominika"]
[Black "Kucza, Kamil"]
[Result "1-0"]
[TimeControl "3'+2\""]
[WhiteElo "1782"]
[BlackElo "1208"]

1. e4 {[%clk 00:03:04]} {[%emt 00:01:31]} e5 {[%clk 00:03:01]} {[%emt
00:00:04]} 2. Nf3 {[%clk 00:03:05]} {[%emt 00:00:01]} Nc6 {[%clk 00:03:02]}
{[%emt 00:00:01]} 3. Bb5 {[%clk 00:03:06]} {[%emt 00:00:01]} d6 {[%clk
00:03:02]} {[%emt 00:00:01]} 4. O-O {[%clk 00:03:05]} {[%emt 00:00:03]} Nf6
{[%clk 00:03:03]} {[%emt 00:00:01]} 5. Re1 {[%clk 00:03:06]} Be7 {[%clk
00:03:04]} {[%emt 00:00:01]} 6. c3 {[%clk 00:03:07]} {[%emt 00:00:01]} O-O
{[%clk 00:03:05]} {[%emt 00:00:02]} 7. h3 {[%clk 00:03:08]} h6 {[%clk
00:03:06]} 8. d4 {[%clk 00:03:08]} {[%emt 00:00:03]} a6 {[%clk 00:03:07]}
{[%emt 00:00:02]} 9. Ba4 {[%clk 00:03:09]} b5 {[%clk 00:03:08]} 10. Bc2 {[%clk
00:03:10]} {[%emt 00:00:01]} exd4 {[%clk 00:03:08]} {[%emt 00:00:02]} 11. cxd4
{[%clk 00:03:11]} Re8 {[%clk 00:03:05]} {[%emt 00:00:06]} 12. Nc3 {[%clk
00:03:11]} {[%emt 00:00:02]} Bb7 {[%clk 00:03:02]} {[%emt 00:00:05]} 13. a3
{[%clk 00:03:11]} {[%emt 00:00:02]} Qd7 {[%clk 00:02:51]} {[%emt 00:00:12]} 14.
Ne2 {[%clk 00:02:51]} {[%emt 00:00:23]} d5 {[%clk 00:02:40]} {[%emt 00:00:12]}
15. e5 {[%clk 00:02:52]} {[%emt 00:00:02]} Nh7 {[%clk 00:02:41]} {[%emt
00:00:01]} 16. Ng3 {[%clk 00:02:40]} {[%emt 00:00:14]} f6 {[%clk 00:02:39]}
{[%emt 00:00:04]} 17. Qd3 {[%clk 00:02:37]} {[%emt 00:00:05]} Nf8 {[%clk
00:02:19]} {[%emt 00:00:22]} 18. Nf5 {[%clk 00:02:10]} {[%emt 00:00:29]} g6
{[%clk 00:02:01]} {[%emt 00:00:19]} 19. Nxh6+ {[%clk 00:02:10]} {[%emt
00:00:02]} Kh7 {[%clk 00:01:58]} {[%emt 00:00:03]} 20. e6 {[%clk 00:02:06]}
{[%emt 00:00:08]} Qd6 {[%clk 00:01:54]} {[%emt 00:00:06]} 21. Nf7 {[%clk
00:02:07]} {[%emt 00:00:02]} Qd8 {[%clk 00:01:33]} {[%emt 00:00:22]} 22. Nxd8
{[%clk 00:02:07]} {[%emt 00:00:02]} Raxd8 {[%clk 00:01:34]} {[%emt 00:00:01]}
23. Nh4 {[%clk 00:01:59]} {[%emt 00:00:10]} f5 {[%clk 00:01:28]} {[%emt
00:00:08]} 24. Qe3 {[%clk 00:01:47]} {[%emt 00:00:14]} Bxh4 {[%clk 00:01:18]}
{[%emt 00:00:13]} 25. Qh6+ {[%clk 00:01:48]} {[%emt 00:00:01]} Kg8 {[%clk
00:01:18]} {[%emt 00:00:01]} 26. Qxh4 {[%clk 00:01:47]} {[%emt 00:00:03]} Nxe6
{[%clk 00:01:15]} {[%emt 00:00:06]} 27. Bg5 {[%clk 00:01:22]} {[%emt 00:00:26]}
Rd7 {[%clk 00:00:54]} {[%emt 00:00:23]} 28. Bf6 {[%clk 00:01:04]} {[%emt
00:00:21]} Rh7 {[%clk 00:00:46]} {[%emt 00:00:10]} 29. Qg3 {[%clk 00:01:05]}
{[%emt 00:00:01]} g5 {[%clk 00:00:41]} {[%emt 00:00:07]} 30. Bxf5 {[%clk
00:01:03]} {[%emt 00:00:03]} Ncxd4 {[%clk 00:00:33]} {[%emt 00:00:10]} 31. Bxd4
{[%clk 00:01:03]} {[%emt 00:00:02]} Nxd4 32. Rxe8+ Kf7 {[%clk 00:00:33]} {[%emt
00:00:01]} 33. Qxc7+ {[%clk 00:00:52]} {[%emt 00:00:14]} Kxe8 {[%clk 00:00:30]}
{[%emt 00:00:04]} 34. Re1+ {[%clk 00:00:52]} {[%emt 00:00:02]} Kf8 {[%clk
00:00:29]} {[%emt 00:00:03]} 35. Qxh7 {[%clk 00:00:49]} {[%emt 00:00:06]} Nxf5
{[%clk 00:00:26]} {[%emt 00:00:05]} 36. Qxf5+ {[%emt 00:00:03]} Kg7 {[%clk
00:00:26]} 37. Re7+ {[%clk 00:00:50]} {[%emt 00:00:01]} Kg8 {[%clk 00:00:27]}
38. Qf7+ {[%clk 00:00:50]} {[%emt 00:00:02]} Kh8 {[%clk 00:00:27]} {[%emt
00:00:01]} 39. Re8# {[%emt 00:00:02]} 1-0

[Event "Turniej Blitza na II Lidze Juniorów 2018"]
[Site "Szczyrk, Poland"]
[Date "2018.07.26"]
[Round "2.40"]
[White "Huchwajda, Katarzyna"]
[Black "Franc, Piotr"]
[Result "1/2-1/2"]
[TimeControl "3'+2\""]
[WhiteElo "1690"]
[BlackElo "1135"]

1. e4 {[%clk 00:03:02]} {[%emt 00:00:02]} e6 {[%clk 00:03:03]} {[%emt
00:00:02]} 2. Qe2 {[%clk 00:03:02]} {[%emt 00:00:01]} Nf6 {[%clk 00:02:59]}
{[%emt 00:00:06]} 3. Nf3 {[%clk 00:03:02]} Nc6 {[%clk 00:02:58]} {[%emt
00:00:03]} 4. g3 {[%clk 00:03:04]} {[%emt 00:00:01]} b6 {[%clk 00:02:53]}
{[%emt 00:00:07]} 5. Bg2 {[%clk 00:03:05]} {[%emt 00:00:01]} Bb7 {[%clk
00:02:54]} 6. O-O {[%clk 00:03:05]} {[%emt 00:00:02]} Bc5 {[%clk 00:02:45]}
{[%emt 00:00:11]} 7. d3 {[%clk 00:03:03]} {[%emt 00:00:05]} Nd4 {[%clk
00:02:35]} {[%emt 00:00:11]} 8. Nxd4 {[%clk 00:02:59]} {[%emt 00:00:05]} Bxd4
{[%clk 00:02:35]} {[%emt 00:00:01]} 9. c3 {[%clk 00:02:59]} {[%emt 00:00:03]}
Bc5 {[%clk 00:02:37]} 10. Bg5 {[%clk 00:02:54]} {[%emt 00:00:07]} Be7 {[%clk
00:02:37]} {[%emt 00:00:02]} 11. Nd2 {[%clk 00:02:45]} {[%emt 00:00:11]} O-O
{[%clk 00:02:30]} {[%emt 00:00:10]} 12. Be3 {[%clk 00:02:45]} {[%emt 00:00:02]}
d5 {[%clk 00:02:24]} {[%emt 00:00:08]} 13. e5 {[%clk 00:02:42]} {[%emt
00:00:04]} Nd7 {[%clk 00:02:24]} {[%emt 00:00:03]} 14. d4 {[%clk 00:02:41]}
{[%emt 00:00:03]} c5 {[%clk 00:02:23]} {[%emt 00:00:03]} 15. f4 {[%clk
00:02:36]} {[%emt 00:00:06]} cxd4 {[%clk 00:02:19]} {[%emt 00:00:07]} 16. cxd4
{[%clk 00:02:34]} {[%emt 00:00:04]} Rc8 {[%clk 00:02:19]} {[%emt 00:00:01]} 17.
Rac1 {[%clk 00:02:35]} {[%emt 00:00:01]} f6 {[%clk 00:02:05]} {[%emt 00:00:17]}
18. Bh3 {[%clk 00:02:35]} {[%emt 00:00:03]} f5 {[%clk 00:02:02]} {[%emt
00:00:04]} 19. Nf3 {[%clk 00:02:24]} {[%emt 00:00:12]} h6 {[%clk 00:01:57]}
{[%emt 00:00:09]} 20. Rxc8 {[%clk 00:02:20]} {[%emt 00:00:05]} Qxc8 {[%clk
00:01:53]} {[%emt 00:00:06]} 21. Rc1 {[%clk 00:02:20]} Qd8 {[%clk 00:01:45]}
{[%emt 00:00:10]} 22. Bf1 {[%clk 00:02:15]} {[%emt 00:00:07]} a6 {[%clk
00:01:42]} {[%emt 00:00:05]} 23. Qd2 {[%clk 00:02:15]} {[%emt 00:00:03]} b5
{[%clk 00:01:39]} {[%emt 00:00:05]} 24. a3 {[%clk 00:02:11]} {[%emt 00:00:06]}
Nb6 {[%clk 00:01:39]} {[%emt 00:00:02]} 25. Qc2 {[%clk 00:01:54]} {[%emt
00:00:17]} Nc4 {[%clk 00:01:39]} {[%emt 00:00:04]} 26. Bf2 {[%clk 00:01:49]}
{[%emt 00:00:07]} Qb6 {[%clk 00:01:29]} {[%emt 00:00:13]} 27. Nd2 {[%clk
00:01:45]} {[%emt 00:00:05]} Rc8 {[%clk 00:01:21]} {[%emt 00:00:10]} 28. Qd3
{[%clk 00:01:07]} {[%emt 00:00:39]} Nxb2 {[%clk 00:01:04]} {[%emt 00:00:20]} 29.
Rxc8+ {[%clk 00:01:07]} {[%emt 00:00:02]} Bxc8 {[%clk 00:01:05]} 30. Qc3 {[%clk
00:00:58]} {[%emt 00:00:09]} Nc4 {[%clk 00:01:05]} {[%emt 00:00:04]} 31. a4
{[%clk 00:00:49]} {[%emt 00:00:09]} b4 {[%clk 00:00:57]} {[%emt 00:00:12]} 32.
Qc2 {[%clk 00:00:40]} {[%emt 00:00:09]} Bd7 {[%clk 00:00:49]} {[%emt 00:00:12]}
33. Nxc4 {[%clk 00:00:39]} {[%emt 00:00:02]} dxc4 {[%clk 00:00:50]} {[%emt
00:00:02]} 34. Bxc4 {[%clk 00:00:39]} {[%emt 00:00:02]} Qc6 {[%clk 00:00:45]}
{[%emt 00:00:06]} 35. Qb3 {[%clk 00:00:35]} {[%emt 00:00:05]} a5 {[%clk
00:00:43]} {[%emt 00:00:05]} 1/2-1/2